|
|
|
|
| LEADER |
01488nam a2200337 a 4500 |
| 001 |
0017848 |
| 003 |
BD-DhAAL |
| 008 |
070209s2006 enka b 001 0 eng d |
| 020 |
|
|
|a 0500286558
|
| 020 |
|
|
|a 9780500286558
|
| 020 |
|
|
|a 9780500342268
|
| 020 |
|
|
|a 0500342261
|
| 040 |
|
|
|a Uk
|b eng
|c Uk
|d BD-DhAAL
|
| 082 |
0 |
4 |
|a 724.6
|2 22
|
| 100 |
1 |
|
|a Spiller, Neil.
|9 31996
|
| 245 |
1 |
0 |
|a Visionary architecture :
|b blueprints of the modern imagination /
|c Neil Spiller.
|
| 260 |
|
|
|a London :
|b Thames & Hudson,
|c 2006.
|
| 300 |
|
|
|a 271 p. :
|b ill. (some col.) ;
|c 27 cm
|
| 500 |
|
|
|a "With over 450 illustrations."
|
| 504 |
|
|
|a Includes bibliographical references and index.
|
| 526 |
|
|
|a ARC
|x Md. Shajjad Hossain,
Faculty members of the Department of Architecture
|
| 541 |
1 |
|
|e 00017848
|a Zeenat Book Supply Limited
|
| 650 |
0 |
|
|a Visionary architecture.
|9 31997
|
| 650 |
0 |
|
|a Architecture, Modern
|y 20th century.
|9 31998
|
| 650 |
0 |
|
|a Architecture, Modern
|y 21st century.
|9 31999
|
| 650 |
0 |
|
|a Architectural drawing
|y 20th century.
|9 32000
|
| 650 |
0 |
|
|a Architectural drawing
|y 21st century.
|9 32001
|
| 852 |
4 |
|
|a Ayesha Abed Library
|c General Stacks
|
| 942 |
0 |
0 |
|0 1
|2 ddc
|c BK
|
| 999 |
|
|
|c 7432
|d 7432
|
| 952 |
|
|
|0 0
|1 0
|2 ddc
|4 0
|6 724_600000000000000_SPI_2006
|7 0
|9 7964
|a BRACUL
|b BRACUL
|c GEN
|d 2010-02-10
|e Zeenat Book Supply Limited
|g 2693.00
|l 8
|m 65
|o 724.6 SPI
|p 3010017848
|r 2024-01-23
|s 2024-01-15
|t 1
|w 2010-02-10
|y BK
|x Requisitioned by Md. Shajjad Hossain (Faculty members of the Department of Architecture).
|